000 00761nam a2200265Ia 4500
001 Para_7832
003 CHAP
008 220125s19 9 xx 000 0 und d
010 _a206793
040 _cCHAP
082 _aPA 632 S6
110 _aSociedad Mexicana de Fitopatología
_9108088
245 _aApuntes del primer taller de fitopatología tropical /
_c por Sociedad Mexicana de Fitopatología
260 _aMéxico, D.F. :
_b La sociedad
300 _a240 h.
650 _aCultivos tropicales
_x enfermedades
_930387
650 _aFitopatología
_941161
901 _aPA 632 S6
902 _aA
905 _a00000019- 0000000000 00
910 _a19-
942 _cPARA
942 _cPARA
_d1
999 _c206793
_d206793